000 00730cam a2200217 a 4500
001 000009003
005 20200929161448.0
008 930629s1993 ck 001 f spa
020 _a9586121208
040 _aDO-SdBNP
_cDLC
082 _aC863.44
_bF819a
100 1 _aFrancisco, Miguel de,
_d1949-2006.
_923628
245 1 0 _aArmario de solterones :
_bnovela /
_cMiguel de Francisco.
260 _a[Bogotá] :
_bInstituto Colombiano de Cultura,
_c1993.
300 _a117 p. ;
_c21 cm.
490 1 _aEscritores Colombianos en la Diáspora
_v3
650 4 _aNovela colombiana
_91243
650 4 _aLiteratura colombiana
_91244
830 0 _aEscritores Colombianos en la Diáspora ;
_v3
_917250
910 _aCatalogación por copia / LC
999 _c8767
_d8767